Murder Drones - Characters by image - Statistics

General Stats
  • This quiz has been taken 986 times
  • The average score is 11 of 12
Answer Stats
Picture Answer % Correct
N
100%
Uzi
98%
V
98%
J
97%
CYN
95%
Doll
94%
Tessa
94%
Khan Doorman
86%
Thad
83%
Lizzy
80%
Absolute Solver
67%
Beau
60%
No matching quizzes found
Score Distribution
Percent of People with Each Score
Percentile by Number Answered
Your Score History
You have not taken this quiz